000 00692nam a2200121Ia 4500
008 220620s9999||||xx |||||||||||||| ||und||
100 _aBah, El-hadj M.||Faye, Issa||Geh, Zekebweliwai F.
245 0 _aHousing Market Dynamics in Africa
546 _aEnglish[eng]
650 _aHousing finance||Slum upgrading||Africa||Construction||Political economy||Land tenure||Housing development||Urban planning||Real estate||Public policy||Property rights||Economics
856 _uhttps://library.oapen.org/bitstream/20.500.12657/27897/1/1002104.pdf||https://library.oapen.org/bitstream/20.500.12657/27897/1/1002104.pdf||https://library.oapen.org/bitstream/20.500.12657/27897/1/1002104.pdf
942 _cEB
999 _c29604
_d29604